<?xml version="1.0" encoding="UTF-8"?>
<collection xmlns="http://www.loc.gov/MARC21/slim">
 <record>
  <leader>06563nam a2200529 a 4500</leader>
  <controlfield tag="001">kal5083</controlfield>
  <controlfield tag="003">Gr-AtHEAL</controlfield>
  <controlfield tag="005">20160422112629.0</controlfield>
  <controlfield tag="006">m        d        </controlfield>
  <controlfield tag="008">160413s2015    gr      s           gre|c</controlfield>
  <datafield tag="020" ind1=" " ind2=" ">
   <subfield code="a">9789606031847</subfield>
  </datafield>
  <datafield tag="040" ind1=" " ind2=" ">
   <subfield code="a">GR-AtHEAL</subfield>
   <subfield code="b">gre</subfield>
   <subfield code="c">GR-AtHEAL</subfield>
  </datafield>
  <datafield tag="082" ind1="0" ind2="4">
   <subfield code="a">639.8</subfield>
   <subfield code="2">23</subfield>
  </datafield>
  <datafield tag="100" ind1="1" ind2=" ">
   <subfield code="a">Βουλτσιάδου, Ελένη.</subfield>
   <subfield code="8">814</subfield>
  </datafield>
  <datafield tag="245" ind1="1" ind2="0">
   <subfield code="a">Υδατοκαλλιέργειες</subfield>
   <subfield code="h">[Ηλεκτρονικός πόρος] </subfield>
   <subfield code="b">Οργανισμοί, συστήματα παραγωγής, προοπτικές</subfield>
   <subfield code="c">Βουλτσιάδου, Ελένη ; κ.α. ; Κριτικός αναγνώστης,Βαφείδης, Δημήτριος ; Γραφιστική επιμέλεια,Κούκουρα, Αλεξάνδρα ; Γλωσσική επιμέλεια,Όξενκιουν, Ελένη Ελίσαβετ.</subfield>
  </datafield>
  <datafield tag="260" ind1=" " ind2=" ">
   <subfield code="a">Αθήνα :</subfield>
   <subfield code="b">Σύνδεσμος Ελληνικών Ακαδημαϊκών Βιβλιοθηκών,</subfield>
   <subfield code="c">c2015.</subfield>
  </datafield>
  <datafield tag="490" ind1=" " ind2=" ">
   <subfield code="a">Ακαδημαϊκά Ηλεκτρονικά Συγγράμματα και Βοηθήματα Κάλλιπος</subfield>
   <subfield code="8">40</subfield>
  </datafield>
  <datafield tag="505" ind1="0" ind2=" ">
   <subfield code="a">Μέρος Πρώτο: ΕΙΣΑΓΩΓΗ&lt;br/&gt;Κεφάλαιο 1. ΣΥΣΤΗΜΑΤΑ ΠΑΡΑΓΩΓΗΣ ΚΑΙ ΤΑΣΕΙΣ ΣΤΗΝ ΕΥΡΩΠΑΪΚΗ ΚΑΙ ΠΑΓΚΟΣΜΙΑ ΥΔΑΤΟΚΑΛΛΙΕΡΓΕΙΑ&lt;br/&gt;Μέρος Δεύτερο: ΚΑΛΛΙΕΡΓΕΙΑ ΙΧΘΥΩΝ&lt;br/&gt;Κεφάλαιο 2. ΚΑΛΛΙΕΡΓΕΙΑ ΙΧΘΥΩΝ: ΠΑΡΑΔΕΙΓΜΑΤΑ ΚΑΙ ΕΦΑΡΜΟΓΕΣ ΑΠΟ ΤΗΝ ΕΛΛΗΝΙΚΗ ΥΔΑΤΟΚΑΛΛΙΕΡΓΕΙΑ&lt;br/&gt;Κεφάλαιο 3. ΚΑΛΛΙΕΡΓΕΙΑ ΙΧΘΥΩΝ: ΔΙΑΤΡΟΦΗ ΚΑΙ ΘΡΕΨΗ&lt;br/&gt;Κεφάλαιο 4. ΚΑΛΛΙΕΡΓΕΙΑ ΙΧΘΥΩΝ: ΑΝΑΠΑΡΑΓΩΓΙΚΗ ΦΥΣΙΟΛΟΓΙΑ&lt;br/&gt;Κεφάλαιο 5. ΚΑΛΛΙΕΡΓΕΙΑ ΙΧΘΥΩΝ: ΑΡΧΕΣ ΓΕΝΕΤΙΚΗΣ ΒΕΛΤΙΩΣΗΣ&lt;br/&gt;Μέρος Τρίτο: ΚΑΛΛΙΕΡΓΕΙΑ ΦΥΚΩΝ&lt;br/&gt;Κεφάλαιο 6. ΚΑΛΛΙΕΡΓΕΙΑ ΦΥΚΩΝ&lt;br/&gt;Μέρος Τέταρτο: Καλλιέργεια ασπονδύλων&lt;br/&gt;Κεφάλαιο 7. ΚΑΛΛΙΕΡΓΕΙΑ ΣΠΟΓΓΩΝ&lt;br/&gt;Κεφάλαιο 8. ΚΑΛΛΙΕΡΓΕΙΑ ΔΙΘΥΡΩΝ ΜΑΛΑΚΙΩΝ &lt;br/&gt;Κεφάλαιο 9. ΚΑΛΛΙΕΡΓΕΙΑ ΒΡΑΓΧΙΟΠΟΔΩΝ ΚΑΡΚΙΝΟΕΙΔΩΝ&lt;br/&gt;Κεφάλαιο 10. ΚΑΛΛΙΕΡΓΕΙΑ ΔΕΚΑΠΟΔΩΝ ΚΑΡΚΙΝΟΕΙΔΩΝ</subfield>
  </datafield>
  <datafield tag="520" ind1=" " ind2=" ">
   <subfield code="a">Η υδατοκαλλιέργεια αποτελεί έναν αναπτυσσόμενο κλάδο, με την Ελλάδα να είναι 6η μεταξύ των 40 Ευρωπαϊκών χωρών στην παραγωγή καλλιεργούμενων ιχθύων. Το αντικείμενο των υδατοκαλλιεργειών διδάσκεται σε περισσότερα από 10 Τμήματα των ελληνικών ανώτατων εκπαιδευτικών ιδρυμάτων. Το σύγγραμμα ΥΔΑΤΟΚΑΛΛΙΕΡΓΕΙΕΣ: ΟΡΓΑΝΙΣΜΟΙ, ΣΥΣΤΗΜΑΤΑ ΠΑΡΑΓΩΓΗΣ, ΠΡΟΟΠΤΙΚΕΣ στοχεύει στην κάλυψη της βασικής γνώσης που χρειάζεται να έχουν οι απόφοιτοι των βιολογικών και συναφών τμημάτων. Εξετάζει σφαιρικά τα παραδοσιακά και σύγχρονα είδη υδατοκαλλιέργειας που εφαρμόζονται ή βρίσκονται σε πειραματικό στάδιο σήμερα. Συγκεκριμένα, εξετάζονται α) στοιχεία της βιολογίας των οργανισμών που καλλιεργούνται (ταξινομία, διατροφή, αναπαραγωγή, ασθένειες, γενετική), β) οι βασικές τάσεις παραγωγής του κλάδου σε παγκόσμιο, ευρωπαϊκό και εθνικό επίπεδο, γ) τα είδη των εγκαταστάσεων που χρησιμοποιούνται και των μεθόδων που εφαρμόζονται για την εύρεση των γεννητόρων, την παραγωγή του γόνου, την πάχυνση και τη συλλογή γ) οι προβληματισμοί που ανακύπτουν από την εφαρμογή της υδατοκαλλιέργειας και οι προοπτικές για το μέλλον.</subfield>
  </datafield>
  <datafield tag="650" ind1=" " ind2="0">
   <subfield code="a">Aquaculture</subfield>
   <subfield code="8">2277</subfield>
  </datafield>
  <datafield tag="650" ind1=" " ind2="0">
   <subfield code="a">Fishes</subfield>
   <subfield code="x">Breeding</subfield>
   <subfield code="8">2285</subfield>
  </datafield>
  <datafield tag="653" ind1=" " ind2=" ">
   <subfield code="a">Αναπαραγωγή</subfield>
  </datafield>
  <datafield tag="653" ind1=" " ind2=" ">
   <subfield code="a">Διατροφή</subfield>
  </datafield>
  <datafield tag="653" ind1=" " ind2=" ">
   <subfield code="a">Βιοτεχνόλογια</subfield>
  </datafield>
  <datafield tag="653" ind1=" " ind2=" ">
   <subfield code="a">Φυσιολογία</subfield>
  </datafield>
  <datafield tag="653" ind1=" " ind2=" ">
   <subfield code="a">Γενετική</subfield>
  </datafield>
  <datafield tag="653" ind1=" " ind2=" ">
   <subfield code="a">Φύκη</subfield>
  </datafield>
  <datafield tag="653" ind1=" " ind2=" ">
   <subfield code="a">Σπόγγοι</subfield>
  </datafield>
  <datafield tag="653" ind1=" " ind2=" ">
   <subfield code="a">Καρκινοειδή</subfield>
  </datafield>
  <datafield tag="653" ind1=" " ind2=" ">
   <subfield code="a">Μαλάκια</subfield>
  </datafield>
  <datafield tag="653" ind1=" " ind2=" ">
   <subfield code="a">Ιχθύες</subfield>
  </datafield>
  <datafield tag="653" ind1=" " ind2=" ">
   <subfield code="a">Επιστήμες της ζωής</subfield>
   <subfield code="a">Λειτουργική και οργανισμικη βιολογία</subfield>
   <subfield code="a">Θαλασσιά βιολογία/υδροβιολογία</subfield>
   <subfield code="a">Υδρόβιοι οργανισμοί</subfield>
  </datafield>
  <datafield tag="653" ind1=" " ind2=" ">
   <subfield code="a">Επιστήμες της ζωής</subfield>
   <subfield code="a">Λειτουργική και οργανισμικη βιολογία</subfield>
   <subfield code="a">Ζωολογία/βιολογία των ζώων</subfield>
   <subfield code="a">Εφαρμοσμένη ζωολογία</subfield>
  </datafield>
  <datafield tag="653" ind1=" " ind2=" ">
   <subfield code="a">Επιστήμες της ζωής</subfield>
   <subfield code="a">Μοριακές βιοεπιστημες</subfield>
  </datafield>
  <datafield tag="653" ind1=" " ind2=" ">
   <subfield code="a">Γεωπονικές επιστήμες</subfield>
   <subfield code="a">Αγροκτήματα και συστήματα καλλιέργειας</subfield>
   <subfield code="a">Υδατοκαλλιέργεια</subfield>
  </datafield>
  <datafield tag="700" ind1="1" ind2=" ">
   <subfield code="a">Τριανταφυλλίδης, Αλέξανδρος</subfield>
   <subfield code="e">Συγγραφέας</subfield>
   <subfield code="8">832</subfield>
  </datafield>
  <datafield tag="700" ind1="1" ind2=" ">
   <subfield code="a">Στάικου, Αλεξάνδρα</subfield>
   <subfield code="e">Συγγραφέας</subfield>
   <subfield code="8">826</subfield>
  </datafield>
  <datafield tag="700" ind1="1" ind2=" ">
   <subfield code="a">Γκέλης, Σπυρίδων</subfield>
   <subfield code="e">Συγγραφέας</subfield>
   <subfield code="8">827</subfield>
  </datafield>
  <datafield tag="700" ind1="1" ind2=" ">
   <subfield code="a">Γκάνιας, Κωνσταντίνος</subfield>
   <subfield code="e">Συγγραφέας</subfield>
   <subfield code="8">828</subfield>
  </datafield>
  <datafield tag="700" ind1="1" ind2=" ">
   <subfield code="a">Αντωνοπούλου, Ευθυμία</subfield>
   <subfield code="e">Συγγραφέας</subfield>
   <subfield code="8">829</subfield>
  </datafield>
  <datafield tag="700" ind1="1" ind2=" ">
   <subfield code="a">Αμπατζόπουλος, Θεόδωρος</subfield>
   <subfield code="e">Συγγραφέας</subfield>
   <subfield code="8">830</subfield>
  </datafield>
  <datafield tag="700" ind1="1" ind2=" ">
   <subfield code="a">Βαφείδης, Δημήτριος</subfield>
   <subfield code="e">Κριτικός αναγνώστης</subfield>
   <subfield code="8">833</subfield>
  </datafield>
  <datafield tag="856" ind1="4" ind2="0">
   <subfield code="u">http://hdl.handle.net/11419/5083</subfield>
   <subfield code="z">Πλήρες Κείμενο - Full text</subfield>
  </datafield>
  <datafield tag="907" ind1=" " ind2=" ">
   <subfield code="a">.b2568033x</subfield>
   <subfield code="b">12-06-18</subfield>
   <subfield code="c">29-07-16</subfield>
  </datafield>
  <datafield tag="949" ind1=" " ind2=" ">
   <subfield code="0">0</subfield>
   <subfield code="1">0</subfield>
   <subfield code="2">ddc</subfield>
   <subfield code="4">0</subfield>
   <subfield code="6">639_800000000000000_ΒΟΥΛ</subfield>
   <subfield code="7">0</subfield>
   <subfield code="8">KALL</subfield>
   <subfield code="8">792</subfield>
   <subfield code="d">2016-04-13</subfield>
   <subfield code="r">2016-04-13</subfield>
   <subfield code="w">2016-04-13</subfield>
   <subfield code="z">639.8 ΒΟΥΛ</subfield>
   <subfield code="o">SEAB KALLIPOS</subfield>
  </datafield>
  <datafield tag="998" ind1=" " ind2=" ">
   <subfield code="a">80</subfield>
   <subfield code="a">01</subfield>
   <subfield code="a">02</subfield>
   <subfield code="a">03</subfield>
   <subfield code="a">04</subfield>
   <subfield code="a">05</subfield>
   <subfield code="a">06</subfield>
   <subfield code="a">07</subfield>
   <subfield code="a">08</subfield>
   <subfield code="a">09</subfield>
   <subfield code="a">10</subfield>
   <subfield code="a">11</subfield>
   <subfield code="a">12</subfield>
   <subfield code="a">13</subfield>
   <subfield code="a">14</subfield>
   <subfield code="a">15</subfield>
   <subfield code="a">16</subfield>
   <subfield code="a">17</subfield>
   <subfield code="a">18</subfield>
   <subfield code="a">19</subfield>
   <subfield code="a">20</subfield>
   <subfield code="a">21</subfield>
   <subfield code="a">22</subfield>
   <subfield code="a">23</subfield>
   <subfield code="a">24</subfield>
   <subfield code="a">25</subfield>
   <subfield code="a">26</subfield>
   <subfield code="b">10-05-17</subfield>
   <subfield code="c">m</subfield>
   <subfield code="d">z  </subfield>
   <subfield code="e">-</subfield>
   <subfield code="f">gre</subfield>
   <subfield code="g">gr </subfield>
   <subfield code="h">0</subfield>
  </datafield>
  <datafield tag="942" ind1=" " ind2=" ">
   <subfield code="2">ddc</subfield>
   <subfield code="c">KALLIPOS</subfield>
  </datafield>
 </record>
</collection>
